01254nam a2200313Ia 4500001001200000003000800012006001900020007001500039008004100054020002500095020002200120040002100142035002100163050002100184100003500205245014500240260006900385300001500454500003200469504004100501533015200542650001600694650001600710655002900726700002500755710001700780856012600797999001700923ebr10284098CaPaEBRm u cr cn|||||||||070920s2008 nju sb 000 0 eng d z9780691134093 (pbk.) z069113409X (pbk.) aCaPaEBRcCaPaEBR a(OCoLC)36837840614aB29b.W49 2008eb1 aWilliams, Bernard Arthur Owen.10aPhilosophy as a humanistic disciplineh[electronic resource] /cBernard Williams ; selected, edited, and with an introduction by A.W. Moore. aPrinceton, NJ ;aWoodstock :bPrinceton University Press,c2008. axx, 227 p. aOriginally published: 2006. aIncludes bibliographical references. aElectronic reproduction.bPalo Alto, Calif. :cebrary,d2009.nAvailable via World Wide Web.nAccess may be limited to ebrary affiliated libraries. 0aPhilosophy. 0aHumanities. 7aElectronic books.2local1 aMoore, A. W.,d1956-2 aebrary, Inc.40uhttp://site.ebrary.com/lib/rucke/Doc?id=10284098zAn electronic book accessible through the World Wide Web; click to view c17482d17482